| 000 | 01124cam a2200337Ia 4500 | ||
|---|---|---|---|
| 999 |
_c40685 _d40685 |
||
| 001 | 29274609 | ||
| 005 | 20200213105320.0 | ||
| 008 | 931026s1992 ph b b 000 0 eng d | ||
| 008 | b0c940418dmeaf- | ||
| 020 | _a9719133112 (pbk.) | ||
| 020 |
_z97191133104 (cloth) _a9789715422895 |
||
| 020 | _a9715542896 | ||
| 041 | 0 |
_aeng _amul |
|
| 043 | _aa-ph--- | ||
| 049 | _aIOGA | ||
| 245 | 0 | 0 |
_aPhilippine folk literature : _bthe proverbs / _ccompiled and edited by Damiana L. Eugenio. |
| 260 |
_aDiliman, Quezon City, Philippines : _bU.P. Folklorists, Inc., _c1992. |
||
| 300 |
_aliv, 592 pages : _bmap ; _c26 cm. |
||
| 336 |
_atext _btxt _2rdacontent. |
||
| 337 |
_aunmediated _bn _2rdamedia. |
||
| 338 |
_avolume _bnc _2rdacarrier. |
||
| 490 |
_aPhilippine folk literature series ; _vv. 6. |
||
| 500 | _aProverbs in English and other Philippine languages. | ||
| 504 | _aIncludes bibliographical references (pages 577-592) | ||
| 590 | _ank. | ||
| 650 | 0 | _aProverbs, Philippine. | |
| 700 | 1 | _aEugenio, Damiana L. | |
| 740 | 0 | _aProverbs. | |
| 830 | 0 |
_aPhilippine folk literature series ; _vv. 6. |
|
| 942 |
_2lcc _cBK |
||